000 01482naa a22003377a 4500
001 BR8708404
003 BR-BrBNA
005 20250721154545.0
007 ta
008 250630b bl.|||m| |||| 00| 0 por d
040 _aBR-BrBNA
_bpor
_cBiblioteca Nacional de Agricultura
041 _a(Pt)
072 _aF30; F04
_b0180
_b3830
090 _aF30 BR8708404
100 1 _aBen, J.R.
100 1 _aRosa, O. de S.
111 1 _a14. Reuniao Nacional de Pesquisa de Trigo
_cLondrina, PR (Brazil)
_d21-25 Jul 1986
245 1 _aResposta de alguns genotipos de trigo e fosforo no solo
246 1 _a[Wheat varieties answer to phosphate fertilizers]
246 1 _a[Results of research of the Centro Nacional de Pesquisa de Trigo presented at the 14. Wheat Research National Reunion]
500 _aResultados de pesquisa do Centro Nacional de Pesquisa de Trigo apresentados na 14. Reuniao Nacional de Pesquisa de Trigo Passo Fundo, RS (Brasil): 1986. p. 189-193 (BR8708404-AMS)
773 0 _tResultados de pesquisa do Centro Nacional de Pesquisa de Trigo apresentados na 14. Reuniao Nacional de Pesquisa de Trigo
_wF30 BR8708404
_gPasso Fundo, RS (Brasil), 1986. p. 189-193
650 _aTRIGO
650 _aGENOTIPO
650 _aFERTILIZANTE FOSFATADO
650 _aFOSFORO
650 _aNUTRICAO VEGETAL
490 _aDocumentos - Centro Nacional de Pesquisa de Trigo (Brazil)
_vno. 8
_xISSN 0101-6644
942 _cAMS
_2AGRIS
909 _a202506
_bLúcia
_c55
_dLúcia Elande
999 _c335627
_d335627